| Tag |
First Indicator |
Second Indicator |
Subfields |
| LEADER |
00000cam a2200000 4500 |
| 001 |
in00000081666 |
| 005 |
20151008053028.0 |
| 008 |
731212s1929 mau 00000 eng u |
| 010 |
|
|
|a 29018075
|
| 035 |
|
|
|a (OCoLC)00758642
|
| 035 |
|
|
|9 AAH5919AM
|
| 040 |
|
|
|c CSU
|d TXA
|d UtOrBLW
|
| 049 |
|
|
|a TXAM
|c 1 [48011]
|
| 050 |
|
0 |
|a LB1025
|b .M87
|
| 092 |
|
|
|a 372.01
|b M913p
|
| 100 |
1 |
|
|a Mossman, Lois Coffey,
|d 1877-
|
| 245 |
1 |
0 |
|a Principles of teaching and learning in the elementary school :
|b an interpretation of modern school procedures in the light of our present knowledge of the laws of learning /
|c by Lois Coffey Mossman...
|
| 264 |
|
1 |
|a Boston,
|a New York [etc.] :
|b Houghton Mifflin Company,
|c [1929]
|
| 264 |
|
4 |
|c [©1929]
|
| 300 |
|
|
|a xv pages, 1 ., 292 pages ;
|c 20cm.
|
| 336 |
|
|
|a text
|b txt
|2 rdacontent
|
| 337 |
|
|
|a unmediated
|b n
|2 rdamedia
|
| 338 |
|
|
|a volume
|b nc
|2 rdacarrier
|
| 490 |
1 |
|
|a Riverside textbooks in education
|
| 650 |
|
0 |
|a Education.
|
| 650 |
|
0 |
|a Educational psychology.
|
| 650 |
|
0 |
|a Teaching.
|
| 740 |
0 |
|
|a Teaching and learning in the elementary school.
|
| 830 |
|
0 |
|a Riverside textbooks in education.
|
| 999 |
|
|
|a MARS
|
| 999 |
f |
f |
|s 00b5cfda-897a-3b69-953d-2500cc0098f9
|i ebabac12-9f97-3fe3-835d-69986dea13b0
|t 0
|
| 952 |
f |
f |
|p normal
|a Texas A&M University
|b College Station
|c Sterling C. Evans Library
|d Evans: Library Stacks
|t 0
|e LB1025 .M87
|h Library of Congress classification
|i unmediated -- volume
|m A14800849485
|
| 998 |
f |
f |
|a LB1025 .M87
|t 0
|l Evans: Library Stacks
|